Statistiken für Katastralgemeinden von Leoben mit Karte

Klicken Sie hier um das Quiz zu spielen!

Allgemein

  • Dieses Quiz wurde 15 mal gespielt
  • Das Durchschnittsergebnis liegt bei 4 aus 10

Antworten auf der Karte

Die Antworten werden auf der Karte rot bzw. grün angezeigt, abhängig davon wie oft sie richtig erraten wurden.
 

Antwortstatistiken

Nr.Katastralgemeinde% Korrekt
2.Göß
90%
1.Donawitz
80%
6.Leoben
80%
4.Judendorf
50%
3.Gößgraben-Göß
30%
5.Leitendorf
20%
7.Mühlthal
20%
8.Prettach
20%
9Schladnitzgraben
20%
10.Waasen
20%

Verteilung der Resultate

Perzentil nach korrekt beantworteten Fragen

Anzahl Personen mit jedem Resultat

Ihre Resultats-Entwicklung

Sie haben dieses Quiz noch nicht gespielt